Miasta w Słowenii - Statystyki

Ogólne statystyki
  • Ten quiz został rozwiązany 8 razy
  • Średni wynik to 12 z 73
Statystyki odpowiedzi
Miasto % Poprawnych
Lublana
100%
Koper
83%
Maribor
83%
Celje
67%
Bled
50%
Kranj
33%
Murska Sobota
33%
Nova Gorica
33%
Piran
33%
Ptuj
33%
Velenje
33%
Ajdovščina
17%
Bovec
17%
Črnomelj
17%
Domžale
17%
Dravograd
17%
Ilirska Bistrica
17%
Izola
17%
Jesenice
17%
Kamnik
17%
Kobarid
17%
Krško
17%
Laško
17%
Lendava
17%
Litija
17%
Logatec
17%
Medvode
17%
Novo Mesto
17%
Ormož
17%
Postojna
17%
Prevalje
17%
Radovljica
17%
Ravne na Koroškem
17%
Rogaška Slatina
17%
Šentjur
17%
Sevnica
17%
Sežana
17%
Slovenj Gradec
17%
Slovenska Bistrica
17%
Tolmin
17%
Trbovlje
17%
Trebnje
17%
Vipava
17%
Vipavski Križ
17%
Vrhnika
17%
Žalec
17%
Žiri
17%
Brežice
0%
Cerknica
0%
Gornja Radgona
0%
Gornji Grad
0%
Grosuplje
0%
Hrastnik
0%
Idrija
0%
Kočevje
0%
Kostanjevica na Krki
0%
Lenart v Slovenskih goricah
0%
Ljutomer
0%
Mengeš
0%
Metlika
0%
Mežica
0%
Radeče
0%
Ribnica
0%
Ruše
0%
Šempeter pri Gorici
0%
Škofja Loka
0%
Slovenske Konjice
0%
Šoštanj
0%
Tržič
0%
Turnišče
0%
Višnja Gora
0%
Zagorje ob Savi
0%
Železniki
0%
Nie znaleziono quizów pasujących do podanych kryteriów
Rozkład punktacji
Procent ludzi z każdym wynikiem
Percentyl według liczby udzielonych odpowiedzi
Twoja historia wyników
Nie rozwiązałeś tego quizu